| 000 | 00588nam a2200253Ia 4500 | ||
|---|---|---|---|
| 005 | 20260121161129.0 | ||
| 008 | 008 260114s9999 xx 000 0 eng d | ||
| 020 | _a9781351060875 | ||
| 037 | _aEBOOK | ||
| 040 | _aCRL | ||
| 040 | _beng | ||
| 040 | _cCRL | ||
| 041 | _2eng | ||
| 041 | _aeng | ||
| 084 | _qCRL | ||
| 100 |
_a Erich Eyck; Bernard Miall _91040571 |
||
| 245 | 0 | _aGladstone | |
| 260 | _bTaylor and Francis | ||
| 260 | _c1966 | ||
| 856 | _uhttp://www.taylorfrancis.com/books/9781351060875 | ||
| 942 | _cEBOOK | ||
| 999 |
_c1607387 _d1607387 |
||